000 00927nam a2200229 a 4500
001 000041164
005 20201002034654.0
008 130920s1991 sp 000 0 spa d
020 _a8400071158
040 _aDO-SdBNP
_bspa
_cBNPHU
100 1 _aPardo Tomás, José
_967720
245 1 3 _aCiencia y censura :
_bla inquisición española y los libros científicos en los siglos XVI y XVII /
_cJosé Pardo Tomás.
260 _aMadrid :
_bConsejo Superior de Investigaciones Científicas,
_c1991.
300 _aXXIV, 390 p :
_bil. ;
_c22 cm.
490 1 _aEstudios sobre la ciencia
_v13
504 _aBibliografía : p. 385- 390
504 _aIncluye referencias bibliográficas y notas al pie de las páginas
700 1 _aMontiel Llorente, Luis
_967715
700 1 _aLaín Entralgo, Pedro,
_epról.
_93059
710 2 _aConsejo Superior de Investigaciones Científicas
_94786
830 0 _aEstudios sobre la ciencia
_v13
_938739
999 _c40654
_d40654